00574 2200205 4500001002100000005001500021035002000036007000300056008004100059020002200100082001100122084001700133100001600150245008700166260003200253300003500285650001200320650001600332990002000348INLIS00000000000292620260506055730 a0010-0526000017ta260506 g 0 ind  a978-634-7102-33-1 a320.53 a320.53 MAL r1 aMalaka, Tan1 aRencana Ekonomi Berjuang :bBrosur Propaganda Tentang Perjuangan Ekonomi Indonesia aYogyakarta :bNarasi,c2025 avi + 114 hlm. ;c14,5 x 21 cm. 4aPolitik 4aIlmu Sosial a20260506.04.008